Plant

Bibliographic Details
Corporate Author: Royal Botanic Gardens KEW
Other Authors: Marinelli, Janet
Format: Book
Published: London : DK , 2004.
Subjects:

MARC

LEADER 00000cam a2200000 7i4500
001 0000003528
005 20060412.0
020 0 0 |a 0751347973 
090 0 0 |a 580   |b PLA 
245 1 0 |a Plant   |c editor-in-chief, Janet Marinelli. 
260 0 0 |a London :   |b DK ,   |c 2004. 
300 |a 512 p. :   |b col. ill., maps ;   |c 31 cm. 
650 0 0 |a Botany. 
650 0 0 |a Plant conservation. 
650 0 0 |a Plants. 
700 1 1 |a Marinelli, Janet. 
710 2 1 |a Royal Botanic Gardens KEW 
999 |a 0000006887   |b Monograph   |c Open Shelf   |e Default branch